| 000 | 01026nam a2200301 a 4500 | ||
|---|---|---|---|
| 001 | 000024769 | ||
| 005 | 20260202095302.0 | ||
| 008 | 110203s1993 ag a r 000 | spa d | ||
| 020 | _a9501513459 | ||
| 040 |
_aDO-SdBNP _bspa _cBNPHU |
||
| 041 | 1 | 7 |
_aeng _hspa _2Código de idioma MARC |
| 082 |
_a291.215 _bD184d |
||
| 100 | 1 |
_aDaniel, Alma _950835 |
|
| 240 | 1 | 0 |
_aAsk your angels. _lEspañol |
| 245 | 1 | 0 |
_aDescubre a tus angeles / _cAlma Daniel, Timothy Wyllie y Andrew Ramer; traducción Edith Zilli; edición Ballantine Books. |
| 260 |
_aBuenos Aires, (Agentina) : _bJavier Vergara Editor, _c1993.. |
||
| 300 |
_a378 p. : _bil. ; _c22 cm. |
||
| 534 |
_aTítulo original : _tAsk your angels. |
||
| 504 | _aIncluye referencias bibliográficas : p. 377-401 | ||
| 500 | _aIncluye notas | ||
| 650 | 4 |
_aAngeles _950836 |
|
| 650 | 4 |
_aAngeles _xCultos _950837 |
|
| 650 | 0 |
_aEspiritualidad _9613 |
|
| 700 | 1 |
_aWyllie, Timothy _950838 |
|
| 700 | 1 |
_aRamer, Andrew _950839 |
|
| 700 | 1 |
_aZilli, Edith _etr. _93228 |
|
| 049 | _aBNGR | ||
| 999 |
_c24262 _d24262 |
||